<?xml version="1.0" encoding="UTF-8"?>
<collection xmlns:xsi="http://www.w3.org/2001/XMLSchema-instance" xsi:schemaLocation="http://www.loc.gov/MARC21/slim http://www.loc.gov/standards/marcxml/schema/MARC21slim.xsd" xmlns="http://www.loc.gov/MARC21/slim">
 <record>
  <leader>00000cam a22000004i 4500</leader>
  <controlfield tag="001">UP-1685594773861434881</controlfield>
  <controlfield tag="003">Buklod</controlfield>
  <controlfield tag="005">20070906152226.0</controlfield>
  <controlfield tag="006">j|||||||||||||| | </controlfield>
  <controlfield tag="007">s| |||||||||||</controlfield>
  <controlfield tag="008">160524s2005    xx a    rb   |||| u|eng d</controlfield>
  <datafield tag="035" ind1=" " ind2=" ">
   <subfield code="a">(iLib)UPBAG-00000025532</subfield>
  </datafield>
  <datafield tag="040" ind1=" " ind2=" ">
   <subfield code="a">DLC</subfield>
   <subfield code="d">BAG</subfield>
   <subfield code="e">rda</subfield>
  </datafield>
  <datafield tag="041" ind1="0" ind2=" ">
   <subfield code="a">eng</subfield>
  </datafield>
  <datafield tag="090" ind1=" " ind2="0">
   <subfield code="a">HQ 799 A7</subfield>
   <subfield code="b">A27 2003</subfield>
  </datafield>
  <datafield tag="111" ind1="2" ind2=" ">
   <subfield code="a">[AASREC Conference</subfield>
   <subfield code="n">(15th</subfield>
   <subfield code="d">2003</subfield>
   <subfield code="c">Canberra)</subfield>
  </datafield>
  <datafield tag="245" ind1="1" ind2="0">
   <subfield code="a">Youth in transition : the challenges of generational change in Asia</subfield>
   <subfield code="b">proceedings of the 15th biennial general conference</subfield>
   <subfield code="c">Association of Asian Social Science Research Councils in association with Academy of the Social Sciences in Australia ; edited by Fay Gale, Stephanie Fahey.</subfield>
  </datafield>
  <datafield tag="264" ind1=" " ind2="1">
   <subfield code="a">Bangkok</subfield>
   <subfield code="b">Regional Unit for Social and Human Sciences in Asia and the Pacific</subfield>
   <subfield code="c">2005.</subfield>
  </datafield>
  <datafield tag="300" ind1=" " ind2=" ">
   <subfield code="a">ix, 266 pages</subfield>
   <subfield code="b">illustrations</subfield>
   <subfield code="c">23 cm</subfield>
  </datafield>
  <datafield tag="504" ind1=" " ind2=" ">
   <subfield code="a">Includes bibliographical references (pages 266).</subfield>
  </datafield>
  <datafield tag="505" ind1="0" ind2=" ">
   <subfield code="a">Part I. Youth in transition: changing concepts</subfield>
   <subfield code="t">Youth in Asia: an overview</subfield>
   <subfield code="r">Yogesh Atal --</subfield>
   <subfield code="t">Youth, cultures and societies in transition: the challenges of growing up in a globalized world</subfield>
   <subfield code="r">Jeffrey Jensen Arnett --</subfield>
   <subfield code="t">Global cultural change and young people's well-being</subfield>
   <subfield code="r">Richard Eckersley --</subfield>
   <subfield code="t">Globalisation and an epidemic: the consequences of HIV/AIDS for young people</subfield>
   <subfield code="r">Doreen Rosenthal --</subfield>
   <subfield code="t">A demographic view of changing youth in Asia</subfield>
   <subfield code="r">Graeme Hugo --</subfield>
   <subfield code="t">Generational change and cyberpolitics in Asia</subfield>
   <subfield code="r">Stephanie Fahey.</subfield>
  </datafield>
  <datafield tag="505" ind1="0" ind2=" ">
   <subfield code="a">Part II. Youth in tradition: case studies of Asian youth</subfield>
   <subfield code="t">Indigenous Australian young peoples: the winds of change</subfield>
   <subfield code="r">Gregory Phillips --</subfield>
   <subfield code="t">Are youths moving forward? a Bangladesh perspective</subfield>
   <subfield code="r">Abdur Rahim Khan --</subfield>
   <subfield code="t">Government policies and programs for youth development in India</subfield>
   <subfield code="r">Hardip Singh Kingra --</subfield>
   <subfield code="t">Youth migration and change in Indonesia</subfield>
   <subfield code="r">Aswatini Raharto and Mita Noveria --</subfield>
   <subfield code="t">Youth in the Japanese society</subfield>
   <subfield code="r">Ushiogi Morikazu and Watabe Makoto --</subfield>
   <subfield code="t">Malaysian youth: from government policies to grassroots aspirations</subfield>
   <subfield code="r">Rashila Ramli --</subfield>
   <subfield code="t">The only-child generation: Chinese youth in a transformative era</subfield>
   <subfield code="r">Wu Xiaoying --</subfield>
   <subfield code="t">The Filipino youth today: their strengths and the challenges they face</subfield>
   <subfield code="r">Joseph H. Puyat --</subfield>
   <subfield code="t">Online games dynamics in Korean society: experiences and lifestyles in the online game world</subfield>
   <subfield code="r">Sang-Min Whang --</subfield>
   <subfield code="t">Demographic and economic pressures to move: youth aspirations and livelihood opportunities for youth in the liberal economic environment of Sri Lanka</subfield>
   <subfield code="t">Siri T. Hettige --</subfield>
   <subfield code="t">Monitoring the convention on the rights of the child in Thailand</subfield>
   <subfield code="t">Amara Pongsapich --</subfield>
   <subfield code="t">Vietnam's youth in transition</subfield>
   <subfield code="r">Nguyen Thi My.</subfield>
  </datafield>
  <datafield tag="650" ind1=" " ind2="0">
   <subfield code="a">Youth</subfield>
   <subfield code="z">Asia</subfield>
   <subfield code="v">Congresses.</subfield>
  </datafield>
  <datafield tag="650" ind1=" " ind2="0">
   <subfield code="a">Youth</subfield>
   <subfield code="z">Asia</subfield>
   <subfield code="x">Social conditions</subfield>
   <subfield code="v">Congresses.</subfield>
  </datafield>
  <datafield tag="650" ind1=" " ind2="0">
   <subfield code="a">Young adults</subfield>
   <subfield code="z">Asia</subfield>
   <subfield code="x">Social conditions</subfield>
   <subfield code="v">Congresses.</subfield>
  </datafield>
  <datafield tag="650" ind1=" " ind2="0">
   <subfield code="a">Social sciences</subfield>
   <subfield code="x">Research</subfield>
   <subfield code="z">Asia</subfield>
   <subfield code="v">Congresses.</subfield>
  </datafield>
  <datafield tag="700" ind1="1" ind2=" ">
   <subfield code="a">Gale, Fay</subfield>
   <subfield code="d">1932-2008</subfield>
   <subfield code="e">editor.</subfield>
  </datafield>
  <datafield tag="700" ind1="1" ind2=" ">
   <subfield code="a">Fahey, Stephanie</subfield>
   <subfield code="e">editor.</subfield>
  </datafield>
  <datafield tag="710" ind1="2" ind2=" ">
   <subfield code="a">Association of Asian Social Science Research Councils.</subfield>
  </datafield>
  <datafield tag="710" ind1="2" ind2=" ">
   <subfield code="a">Academy of the Social Sciences in Australia.</subfield>
  </datafield>
  <datafield tag="905" ind1=" " ind2=" ">
   <subfield code="a">FO</subfield>
  </datafield>
  <datafield tag="852" ind1="0" ind2=" ">
   <subfield code="a">UPBAG</subfield>
   <subfield code="b">UPBAG-MAIN</subfield>
   <subfield code="h">HQ 799 A7 A27 2003</subfield>
  </datafield>
  <datafield tag="942" ind1=" " ind2=" ">
   <subfield code="a">Book</subfield>
  </datafield>
 </record>
</collection>
